000 00289nam a2200121Ia 4500
008 190216s9999||||xx |||||||||||||| ||und||
100 _aMoothathu V K
245 0 _aPractical English Grammer
260 _bUniversity Of Calicut
_c1995
300 _a261p
650 _aGrammar
942 _cBK
999 _c13870
_d13870